[Event "AUTO-OPEN-4478"]
[Site "http://www.queenalice.com/game.php?id=1822646"]
[Date "2023.10.9"]
[Round "1"]
[White "princesher"]
[Black "zeitnot13"]
[Result "0-1"]
[WhiteElo "2002"]
[BlackElo "2454"]

1. e4 d5 2. e5 c5 3. Bb5+ Nc6 4. Bxc6+ bxc6 5. h3 e6 6. c3 Qc7 7. d4 Ba6 8. Ne2
Ne7 9. Be3 cxd4 10. cxd4 Rb8 11. b3 Nf5 12. g3 c5 13. Nbc3 cxd4 14. Nxd4 Qxc3+
15. Bd2 Qxd4 16. Be3 Bb4+ 17. Bd2 Qxe5+ 18. Qe2 Qxe2# 0-1

[Event "AUTO-OPEN-4478"]
[Site "http://www.queenalice.com/game.php?id=1822671"]
[Date "2023.10.9"]
[Round "1"]
[White "Canaye14"]
[Black "princesher"]
[Result "0-1"]
[WhiteElo "1813"]
[BlackElo "1993"]

1. d4 d5 2. c4 c6 3. cxd5 cxd5 4. Nc3 e6 5. h3 Bb4 6. Qc2 h6 7. Bf4 Nc6 8. e3 a6
9. Bd3 Bxc3+ 10. Qxc3 Qa5 11. Ne2 Qxc3+ 12. Nxc3 g5 13. Bh2 b5 14. O-O f5 15. a3
Na5 16. Rfe1 Nb3 17. Rad1 Na5 18. f3 Nf6 19. Be5 O-O 20. e4 dxe4 21. Bxe4 fxe4
22. fxe4 Nd7 23. Bh2 Nc4 24. Re2 Bb7 25. b3 Na5 26. Rb1 Nc6 27. d5 exd5 28. exd5
Na7 29. Re7 Bc8 30. Rbe1 Nc5 31. Be5 Rf7 32. d6 Rxe7 33. dxe7 Kf7 34. Bd6 Ne6
35. Rf1+ Nf4 36. Bc5 Be6 37. g3 Bxh3 38. Rf2 Nc6 39. gxf4 g4 40. Rd2 Nxe7 41.
Rd7 Re8 42. Nd5 Ke6 43. Nxe7 Kxd7 44. Ng6 Re1+ 45. Kf2 Rc1 46. b4 Rc2+ 47. Kg3
Rc3+ 48. Kh4 Rxa3 49. f5 Ke8 50. f6 Kf7 51. Kh5 Kxf6 52. Kxh6 a5 53. bxa5 Rxa5
54. Nf4 Kf5 55. Ne2 Ke4 56. Bb4 Ra6+ 57. Kh5 Ke3 58. Nc3 Ra8 59. Nd5+ Kf3 60.
Bc3 g3 61. Kh4 Bf1 62. Bd4 Rd8 63. Bc3 Rxd5 64. Ba5 g2 65. Bb6 b4 0-1

[Event "AUTO-OPEN-4478"]
[Site "http://www.queenalice.com/game.php?id=1822672"]
[Date "2023.10.9"]
[Round "1"]
[White "princesher"]
[Black "Canaye14"]
[Result "1-0"]
[WhiteElo "1969"]
[BlackElo "1757"]

1. e4 e6 2. d3 d5 3. e5 c5 4. c3 Nc6 5. d4 cxd4 6. cxd4 Qb6 7. Nf3 Bb4+ 8. Nc3
Nge7 9. Be3 O-O 10. Qd3 Nf5 11. Qb5 Nxe3 12. Qxb6 axb6 13. fxe3 h6 14. Bb5 Bxc3+
15. bxc3 f6 16. Bxc6 bxc6 17. O-O c5 18. a3 fxe5 19. Nxe5 Ba6 20. Rxf8+ Rxf8 21.
Nd7 Rf6 22. Nxf6+ 1-0

[Event "AUTO-OPEN-4478"]
[Site "http://www.queenalice.com/game.php?id=1822687"]
[Date "2023.10.9"]
[Round "1"]
[White "ThiagoBrumN"]
[Black "princesher"]
[Result "1-0"]
[WhiteElo "1657"]
[BlackElo "2043"]

1. e4 e5 2. Nf3 d6 3. Bc4 Bg4 4. Nc3 Nf6 5. O-O Bxf3 6. Qxf3 c6 7. d3 h6 8. Bd2
a5 9. Be3 b5 10. Bb3 a4 11. Bxf7+ Kxf7 12. Qg3 Qd7 13. f4 exf4 14. Bxf4 g5 15.
Be3 Ke7 16. Rae1 b4 17. Nd5+ cxd5 18. exd5 Kf7 19. Bd4 Bg7 20. Re6 Qc7 21. Qf2
Nd7 22. Bxf6 Nxf6 23. Rxf6+ Ke8 24. Qe3+ Kd8 25. Rf7 Qc5 26. Qxc5 dxc5 27. Rxg7
Ra6 28. Rff7 Rb6 29. Ra7 Kc8 30. Rgc7+ Kb8 31. Rg7 Rd8 32. Rxa4 Rxd5 33. Raa7
Rb5 34. Raf7 Rd8 35. Rh7 Rb6 36. h3 Re8 37. Kh2 Rd8 38. Rc7 Rc8 39. Rce7 Rd8 40.
Kg3 Rc8 41. Kg4 Rd8 42. Rc7 Rc8 43. Ra7 Rd8 44. Kh5 Re8 45. Ra5 Rc8 46. Rxh6
Rxh6+ 47. Kxh6 Rh8+ 48. Kxg5 Rg8+ 49. Kf6 Rxg2 50. Rxc5 Rh2 51. Rb5+ Kc7 52.
Rxb4 Rxh3 53. a4 Rh6+ 54. Ke7 Rh7+ 55. Ke6 Rh6+ 56. Kd5 Rh5+ 57. Kc4 Rh4+ 58.
Kb5 Rh5+ 59. Kc4 Rh4+ 60. Kc3 Rh5 61. b3 Kc6 62. Kc4 Rh4+ 63. d4 Rh5 64. Rb8 Kc7
65. Rg8 Kc6 66. b4 Rh4 67. b5+ Kb6 68. Ra8 Kb7 69. Rd8 Kc7 70. Rd5 Kb6 71. Kb4
Rh2 72. c4 Rb2+ 73. Ka3 Rb1 74. c5+ Ka5 75. b6 Ka6 76. Rd6 Ra1+ 77. Kb4 Rb1+ 78.
Ka3 Ra1+ 79. Kb4 Rb1+ 80. Kc4 Ka5 81. Rd8 Ka6 82. Rd7 Rb2 83. d5 Rc2+ 84. Kd4
Rb2 85. Rd8 Kb7 86. a5 Rb4+ 87. Ke5 Rb5 88. c6+ Ka6 89. Ra8# 1-0

[Event "AUTO-OPEN-4478"]
[Site "http://www.queenalice.com/game.php?id=1822688"]
[Date "2023.10.9"]
[Round "1"]
[White "princesher"]
[Black "ThiagoBrumN"]
[Result "1-0"]
[WhiteElo "2015"]
[BlackElo "1700"]

1. e4 d5 2. e5 c5 3. h3 Nc6 4. Bb5 Bd7 5. Bxc6 Bxc6 6. d4 e6 7. c3 Qa5 8. Bd2
O-O-O 9. Nf3 Ne7 10. b4 cxb4 11. cxb4 Qc7 12. a3 Ng6 13. Bg5 Be7 14. Bxe7 Qxe7
15. Qd2 Bb5 16. Qc3+ Kb8 17. g3 Rc8 18. Qe3 Rc2 19. Nc3 Rc8 20. Nxb5 a6 21. Nd6
R8c6 22. O-O h6 23. Rfc1 Rb2 24. Rxc6 bxc6 25. Kf1 Rc2 26. Qd3 Rb2 27. Qc3 Rxf2+
28. Kxf2 f6 29. Qxc6 fxe5 30. Qc8+ Ka7 31. Qc5+ Ka8 32. Qc6+ Kb8 33. Qb6+ Ka8
34. Qxa6+ Kb8 35. dxe5 Qc7 36. Qb5+ Ka8 37. Qe8+ Ka7 38. Nb5+ Kb6 39. Nxc7 Kxc7
40. Rc1+ Kb7 41. Qc8+ Ka7 42. Rc7+ Kb6 43. Rb7+ Ka6 44. Qa8# 1-0

[Event "AUTO-ADV-4737"]
[Site "http://www.queenalice.com/game.php?id=1822728"]
[Date "2023.10.10"]
[Round "1"]
[White "Kapablanca"]
[Black "princesher"]
[Result "1-0"]
[WhiteElo "1988"]
[BlackElo "2010"]

1. d4 d5 2. c4 c6 3. Nc3 dxc4 4. e4 b5 5. g3 h6 6. Bg2 Bb7 7. e5 e6 8. Nxb5 Qa5+
9. Nc3 Bb4 10. Ne2 Bxc3+ 11. Nxc3 Ne7 12. O-O Na6 13. Bd2 Qd8 14. Be3 Qc7 15.
Qg4 g6 16. Ne4 Nc8 17. Nf6+ Kd8 18. Qh4 Ne7 19. Rac1 h5 20. Rxc4 Kc8 21. Rfc1
Nd5 22. Nxd5 exd5 23. Bxd5 Nb8 24. Bg2 Kd7 25. Bh3+ Ke8 26. Qf6 Rg8 27. Bg2 Qe7
28. Bg5 Qxf6 29. Bxf6 g5 30. b4 a6 31. a4 g4 32. b5 Kd7 33. bxc6+ Nxc6 34. Bxc6+
Bxc6 35. Rxc6 Rgb8 36. Rc7+ Ke8 37. Re7+ Kf8 38. Rcc7 Rb1+ 39. Kg2 Rbb8 40.
Rxf7+ Ke8 41. e6 a5 42. d5 Rb4 43. d6 Rxa4 44. d7# 1-0

[Event "AUTO-ADV-4737"]
[Site "http://www.queenalice.com/game.php?id=1822729"]
[Date "2023.10.10"]
[Round "1"]
[White "princesher"]
[Black "Kapablanca"]
[Result "1/2-1/2"]
[WhiteElo "2002"]
[BlackElo "2051"]

1. e4 e6 2. a3 d5 3. e5 c5 4. Bb5+ Bd7 5. Bxd7+ Nxd7 6. Nf3 Qc7 7. Qe2 Ne7 8. c3
Nc6 9. d4 cxd4 10. Bd2 Ndxe5 11. Nxe5 Qxe5 12. Qxe5 Nxe5 13. O-O d3 14. b3 g6
15. Rd1 Bg7 16. Bf4 O-O 17. Bxe5 Bxe5 18. Rxd3 Rfc8 19. Ra2 Rc6 20. Rc2 Rac8 21.
g3 d4 22. f4 Bf6 23. c4 b5 24. Nd2 a6 25. Kg2 Kg7 26. Kf3 Rd8 27. c5 a5 28. b4
a4 29. Ke4 Kf8 30. Nf3 Bg7 31. Nxd4 Rcc8 32. Nxb5 Rxd3 33. Kxd3 Ke7 34. Nd6 Rd8
35. Kc4 e5 36. fxe5 Bxe5 37. Re2 f6 38. Kb5 Kf8 39. Rd2 Ke7 40. Kxa4 Bxd6 41.
Rxd6 Rxd6 42. cxd6+ Kxd6 43. Kb5 f5 44. Kb6 g5 45. a4 f4 46. a5 f3 47. a6 f2 48.
a7 f1=Q 49. a8=Q Qf2+ 50. Kb5 Qe2+ 51. Kb6 Qf2+ 52. Kb5 Qe2+ 53. Kb6 Qf2+
1/2-1/2

[Event "AUTO-ADV-4737"]
[Site "http://www.queenalice.com/game.php?id=1822742"]
[Date "2023.10.10"]
[Round "1"]
[White "princesher"]
[Black "piemme"]
[Result "1-0"]
[WhiteElo "2030"]
[BlackElo "1707"]

1. e4 e5 2. a3 Nf6 3. d3 d6 4. h3 Be7 5. Bg5 h6 6. Bxf6 Bxf6 7. Be2 O-O 8. Nf3
Nc6 9. b4 Nd4 10. Nxd4 exd4 11. Bg4 Bxg4 12. Qxg4 Qc8 13. Qxc8 Rfxc8 14. g3 c5
15. b5 b6 16. a4 a6 17. Ra3 axb5 18. axb5 Rxa3 19. Nxa3 Ra8 20. Nb1 Ra1 21. Ke2
Ra2 22. Rc1 Bg5 23. f4 Bf6 24. Nd2 Rb2 25. Nc4 Rxb5 26. Nxd6 Rb2 27. e5 Be7 28.
Nc4 Rb5 29. Kf3 f6 30. exf6 Bxf6 31. Ra1 Kh7 32. Ke4 Bd8 33. Kd5 Rb4 34. Ne5 Rb2
35. Rc1 Bc7 36. Kc6 Bd8 37. Kd7 Bf6 38. Kc7 Be7 39. Nd7 b5 40. Kc6 Kg6 41. Nxc5
Bxc5 42. Kxc5 Kf5 43. Kxd4 Ke6 44. Kc3 Ra2 45. Kb3 Ra8 46. Kb4 Rb8 47. Re1+ Kf6
48. Re5 Rc8 49. c3 g5 50. Rxb5 Re8 51. fxg5+ hxg5 52. h4 gxh4 53. gxh4 Re3 54.
d4 Re4 55. h5 Kg7 56. Rb6 Kh7 57. h6 Rh4 58. Kc5 Rh5+ 59. d5 Re5 60. c4 Re8 61.
Kd6 Re4 62. c5 Kxh6 63. c6 Rc4 64. c7 Kg5 65. Rc6 Rxc6+ 66. Kxc6 1-0

[Event "AUTO-ADV-4737"]
[Site "http://www.queenalice.com/game.php?id=1822743"]
[Date "2023.10.10"]
[Round "1"]
[White "piemme"]
[Black "princesher"]
[Result "0-1"]
[WhiteElo "1736"]
[BlackElo "2031"]

1. e4 e5 2. Qh5 Qe7 3. d3 g6 4. Qd1 Bg7 5. Nf3 d6 6. Bg5 f6 7. Bc1 Bg4 8. Be2
Bxf3 9. Bxf3 h5 10. Nc3 c6 11. O-O b5 12. a4 b4 13. Ne2 a5 14. b3 c5 15. Bb2 g5
16. Nc1 g4 17. Be2 Bh6 18. f3 Bxc1 19. Bxc1 gxf3 20. Bxf3 Qf7 21. Be2 Qg6 22. h3
Ke7 23. Qe1 Nc6 24. c3 bxc3 25. Qxc3 Nd4 26. Bd1 Rh7 27. Ra2 Rg7 28. Rff2 Nc6
29. Qc4 Nb4 30. Rab2 h4 31. Qb5 Kf8 32. Be2 Qf7 33. Rf5 Rh7 34. Bd2 Qc7 35. Bg5
Ke7 36. Bd2 Nc6 37. Qc4 Nd4 38. Qd5 Rb8 39. Rf2 Nxe2+ 40. Rxe2 Kd7 41. Rf2 Qc6
42. Qxc6+ Kxc6 43. Bxa5 Rhb7 44. Be1 Rxb3 45. Rxb3 Rxb3 46. Rf3 Rb1 47. Kf1 Kd7
48. Re3 Ra1 49. a5 Ra2 50. Re2 Ra1 51. Kf2 Ne7 52. Ke3 Nc6 53. Bxh4 Nxa5 54.
Bxf6 Ra3 55. g4 Nc4+ 56. Kf2 Rxd3 57. Kg2 Rd2 58. Rxd2 Nxd2 59. g5 Nxe4 60. h4
Nxf6 61. gxf6 Ke6 62. h5 Kxf6 63. Kg3 Kg5 64. Kf3 Kxh5 65. Ke4 Kg5 66. Kd5 Kf4
67. Kxd6 c4 68. Kd5 c3 69. Kc4 c2 70. Kc3 c1=Q+ 71. Kd3 Qc5 72. Ke2 Qc2+ 0-1

[Event "AUTO-ADV-4737"]
[Site "http://www.queenalice.com/game.php?id=1822744"]
[Date "2023.10.10"]
[Round "1"]
[White "princesher"]
[Black "Olipika"]
[Result "1-0"]
[WhiteElo "1991"]
[BlackElo "1787"]

1. e4 c5 2. e5 Nc6 3. Nf3 a6 4. d3 e6 5. a3 d6 6. exd6 Bxd6 7. g3 Nf6 8. Bg5 O-O
9. Bxf6 Qxf6 10. c3 b5 11. Bg2 Bb7 12. Nfd2 c4 13. Bxc6 Bxc6 14. Ne4 Be7 15.
Nxf6+ 1-0

[Event "AUTO-ADV-4737"]
[Site "http://www.queenalice.com/game.php?id=1822745"]
[Date "2023.10.10"]
[Round "1"]
[White "Olipika"]
[Black "princesher"]
[Result "0-1"]
[WhiteElo "1788"]
[BlackElo "2003"]

1. d4 d5 2. Bf4 e6 3. Nf3 Nc6 4. e3 a6 5. Bd3 h6 6. O-O g5 7. Bg3 Nf6 8. Ne5
Nxe5 9. Bxe5 Bg7 10. Nd2 b5 11. b4 Bb7 12. a3 c6 13. c3 a5 14. Nf3 a4 15. Qc2
Kd7 16. Qe2 Qg8 17. Bxb5 Ne4 18. Bd3 Nxc3 19. Qc2 Ne4 20. b5 g4 21. bxc6+ Bxc6
22. Nd2 Nxd2 23. Qxd2 f5 24. Rac1 Bxe5 25. dxe5 Qb8 26. Qc3 Rc8 27. Qa1 Qb7 28.
Rc5 Qb6 29. Rfc1 Ra5 30. Qc3 Rxc5 31. Qxc5 Qxc5 32. Rxc5 Rb8 33. f4 gxf3 34.
gxf3 Rb3 35. Bf1 Rxe3 36. Bg2 Rxe5 37. f4 Re3 0-1

[Event "Challenge"]
[Site "http://www.queenalice.com/game.php?id=1823314"]
[Date "2023.10.18"]
[Round "-"]
[White "WLAO"]
[Black "princesher"]
[Result "0-1"]
[WhiteElo "1503"]
[BlackElo "2028"]

1. e4 e5 2. Nf3 d6 3. Bc4 h6 4. d4 Bg4 5. Bxf7+ Kxf7 6. d5 Qf6 7. Nbd2 Bxf3 8.
Nxf3 a5 9. b3 b6 10. O-O g5 11. Qd3 Nd7 12. Qb5 Nc5 13. Be3 Nxe4 14. Qd7+ Qe7
15. Qf5+ Nef6 16. c4 Qd7 17. Qxd7+ Nxd7 18. a4 Ngf6 19. h3 Bg7 20. Nh2 Nh7 21.
Ng4 h5 22. Nh2 Ndf6 23. Nf3 g4 24. hxg4 Nxg4 25. Nh4 Nhf6 26. Nf5 Bh6 27. Bxh6
Nxh6 28. Nxh6+ Rxh6 29. g3 h4 30. gxh4 Rg8+ 31. Kh2 Rxh4# 0-1

[Event "AUTO-OPEN-4488"]
[Site "http://www.queenalice.com/game.php?id=1825562"]
[Date "2023.11.20"]
[Round "1"]
[White "johndyson2"]
[Black "princesher"]
[Result "1-0"]
[WhiteElo "2450"]
[BlackElo "1993"]

1. e4 e5 2. Nf3 d6 3. d4 Bg4 4. dxe5 Bxf3 5. Qxf3 dxe5 6. Qb3 b6 7. Bc4 Qf6 8.
Nc3 a5 9. Nd5 Qd6 10. Be3 h6 11. O-O-O Ra7 12. Nxb6 Qg6 13. Nd5 Nc6 14. Qb5 Ne7
15. Bxa7 Nxd5 16. Bxd5 Bd6 17. Qxc6+ Ke7 18. Bc5 Qxg2 19. Qxc7+ Kf6 20. Qxf7+
Kg5 21. h4+ Kg4 22. Qg6+ Kf3 23. Qf5+ Ke2 24. Rhe1# 1-0

[Event "AUTO-OPEN-4488"]
[Site "http://www.queenalice.com/game.php?id=1825563"]
[Date "2023.11.20"]
[Round "1"]
[White "princesher"]
[Black "johndyson2"]
[Result "1/2-1/2"]
[WhiteElo "1987"]
[BlackElo "2473"]

1. e4 e5 2. a3 Nf6 3. d3 d5 4. f3 Bc5 5. Ne2 dxe4 6. dxe4 Bf2+ 7. Kxf2 Qxd1 8.
h3 Qxc1 9. Nxc1 Be6 10. b3 Ke7 11. g4 Nc6 12. Ne2 Rad8 13. Nbc3 Rd2 14. Rc1 Nd4
15. Ke3 Rxc2 16. Rxc2 Nxc2+ 17. Kf2 Rd8 18. Nb5 Rd2 19. b4 a6 20. Nxc7 Bc4 21.
h4 Kd6 22. Nd5 Nxd5 23. exd5 Nd4 24. Ke3 Rd3+ 25. Ke4 f5+ 26. gxf5 Nxf3 27. f6
g6 28. f7 Bxd5+ 29. Kxd3 Bxf7 30. Bg2 e4+ 31. Ke3 g5 32. Bxf3 exf3 33. Kxf3 Bd5+
34. Kg4 Bxh1 35. hxg5 Ke5 36. Ng3 Be4 37. Nxe4 Kxe4 38. Kh5 b5 39. Kh6 Kf5 40.
Kh5 Ke5 41. Kh6 Kf5 42. Kh5 Ke5 43. Kh6 Kf5 1/2-1/2

[Event "AUTO-OPEN-4488"]
[Site "http://www.queenalice.com/game.php?id=1825586"]
[Date "2023.11.20"]
[Round "1"]
[White "donniedarko"]
[Black "princesher"]
[Result "1-0"]
[WhiteElo "2299"]
[BlackElo "1997"]

1. d4 d5 2. c4 c6 3. Nc3 dxc4 4. a4 a6 5. e3 b5 6. axb5 cxb5 7. Nxb5 Bb7 8. Nc3
Qc8 9. Nf3 Bxf3 10. Qxf3 Ra7 11. e4 e6 12. Be3 Rb7 13. Ra2 Bb4 14. Be2 Bxc3+ 15.
bxc3 h6 16. O-O Ne7 17. Ra4 Rc7 18. Bf4 Rc6 19. Bxb8 Qxb8 20. Rxc4 Rxc4 21. Bxc4
a5 22. Qh5 Qb6 23. Bb5+ Nc6 24. Bxc6+ Qxc6 25. Qxa5 O-O 26. d5 exd5 27. exd5 Qd6
28. c4 Rc8 29. Rc1 Kh8 30. h3 Qf4 31. Qe1 f6 32. c5 Qd4 33. d6 Rxc5 34. Rxc5
Qxd6 35. Rc8+ Kh7 36. Qe4+ g6 37. Qb7+ Qd7 38. Qxd7# 1-0

[Event "AUTO-OPEN-4488"]
[Site "http://www.queenalice.com/game.php?id=1825587"]
[Date "2023.11.20"]
[Round "1"]
[White "princesher"]
[Black "donniedarko"]
[Result "0-1"]
[WhiteElo "1991"]
[BlackElo "2281"]

1. e4 c6 2. b4 d5 3. e5 Bf5 4. d4 e6 5. c3 a5 6. a3 axb4 7. cxb4 Bxb4+ 8. Nd2
Ne7 9. Bb2 Ba5 10. h3 Nd7 11. g4 Bg6 12. Bg2 h5 13. Ne2 hxg4 14. hxg4 Rxh1+ 15.
Bxh1 b6 16. f3 c5 17. dxc5 bxc5 18. f4 Bd3 19. Ng3 c4 20. Qc1 Ng6 21. f5 Ngxe5
22. Bxe5 Nxe5 23. fxe6 fxe6 24. Kf2 Qf6+ 25. Kg2 Nxg4 26. Ra2 Qf2+ 27. Kh3 Bf5
28. Nxf5 Qxf5 29. Kg3 Bc7+ 30. Kg2 Ne3+ 31. Kg1 Qg4+ 32. Kf2 Qf4+ 33. Bf3 Ke7
34. Ke2 Rh8 35. Qg1 Rh2+ 36. Ke1 g5 37. Bg4 Ba5 38. Rb2 Bxd2+ 39. Rxd2 Rxd2 40.
Kxd2 Nxg4+ 41. Kd1 Qf1+ 42. Qxf1 Ne3+ 43. Ke2 Nxf1 44. Kxf1 Kd6 45. Ke2 d4 46.
a4 Kc5 47. Kd2 e5 48. a5 e4 49. a6 Kb6 50. Ke2 Kxa6 51. Kd2 g4 52. Ke2 Kb5 53.
Kf2 e3+ 54. Ke2 Kb4 55. Kf1 Kc3 56. Ke2 Kc2 57. Ke1 d3 58. Kf1 Kd2 59. Kg2 e2
60. Kg3 e1=N 61. Kxg4 Ke3 62. Kg3 d2 63. Kh4 d1=Q 64. Kg5 Qf3 65. Kg6 Ke4 66.
Kg5 Qf5+ 67. Kh6 Qg4 68. Kh7 Kf5 69. Kh8 Kf6 70. Kh7 Qg7# 0-1

[Event "AUTO-OPEN-4488"]
[Site "http://www.queenalice.com/game.php?id=1825602"]
[Date "2023.11.20"]
[Round "1"]
[White "princesher"]
[Black "Pipo712"]
[Result "1-0"]
[WhiteElo "1997"]
[BlackElo "1837"]

1. e4 c5 2. d3 d5 3. e5 e6 4. f4 Ne7 5. g3 b6 6. Nh3 Bb7 7. Bg2 h5 8. Nf2 Nd7 9.
c3 Qc7 10. a4 Nf5 11. Na3 d4 12. Bxb7 Qxb7 13. c4 Qg2 14. Nb5 Kd8 15. Qe2 a6 16.
Na3 Be7 17. Bd2 Kc7 18. Qe4 Qxe4+ 19. Nxe4 f6 20. exf6 Nxf6 21. Nxf6 Bxf6 22.
Nc2 Rae8 23. O-O-O Nd6 24. b3 Re7 25. b4 Nb7 26. Kb2 g6 27. h4 Rhe8 28. Rhe1 Nd6
29. Re2 Nxc4+ 30. Kb3 Nd6 31. bxc5 bxc5 32. Ba5+ Kc6 33. Na3 e5 34. fxe5 Rxe5
35. Rxe5 Bxe5 36. Be1 Nf5 37. Nc4 Bxg3 38. Bxg3 Nxg3 39. Rg1 Nf5 40. Rxg6+ Kc7
41. Rxa6 Ne3 42. Nd6 Re6 43. Nb5+ Kd7 44. Ra7+ Kd8 45. Rh7 Re5 46. Nd6 1-0

[Event "AUTO-OPEN-4488"]
[Site "http://www.queenalice.com/game.php?id=1825603"]
[Date "2023.11.20"]
[Round "1"]
[White "Pipo712"]
[Black "princesher"]
[Result "0-1"]
[WhiteElo "1847"]
[BlackElo "1987"]

1. e4 e5 2. Nf3 d6 3. d4 Bg4 4. dxe5 Bxf3 5. gxf3 dxe5 6. Qxd8+ Kxd8 7. Nc3 Bb4
8. Bd2 Bxc3 9. Bxc3 f6 10. O-O-O+ Ke8 11. Rg1 g5 12. Bc4 Ne7 13. Be6 Nbc6 14.
Rd7 Rc8 15. b4 a6 16. a4 b5 17. a5 h6 18. Rgd1 Kf8 19. Kb2 Rh7 20. Be1 Nd4 21.
R1xd4 exd4 22. Rxd4 Rb8 23. Bc3 c6 24. Rd7 Ra8 25. Bxf6 c5 26. bxc5 Ke8 27.
Rxe7+ Rxe7 28. Bxe7 Kxe7 29. Bd5 Ra7 30. Kb3 Kf6 31. c4 bxc4+ 32. Kxc4 Ke5 33.
c6 Kf4 34. Kc5 Kxf3 35. Kb6 Re7 36. c7 Re8 37. Kxa6 Kxf2 38. Kb7 Re7 39. a6 Kg1
40. a7 Re8 41. c8=Q Rxc8 42. Kxc8 Kxh2 43. a8=Q g4 44. Qa2+ Kg3 45. e5 h5 0-1

[Event "AUTO-ADV-4663"]
[Site "http://www.queenalice.com/game.php?id=1831921"]
[Date "2024.2.19"]
[Round "2"]
[White "princesher"]
[Black "Pin"]
[Result "0-1"]
[WhiteElo "2007"]
[BlackElo "2021"]

1. e4 c5 2. d3 Nc6 3. Nf3 d6 4. h3 Nf6 5. g4 e5 6. Bg5 Be7 7. Bxf6 Bxf6 8. a3
O-O 9. Qd2 Be6 10. c4 a6 11. b4 cxb4 12. axb4 Qb6 13. Ra4 Bd7 14. b5 axb5 15.
Rxa8 Rxa8 16. Bg2 bxc4 17. O-O cxd3 18. Qxd3 Ne7 19. Nc3 g6 20. Rb1 Qc7 21. Nd5
Nxd5 22. Qxd5 Bc6 23. Qc4 Qd7 24. Qc3 Bxe4 25. Rc1 Bc6 26. g5 Bxf3 27. gxf6 Bxg2
28. Kxg2 Qf5 29. Ra1 Rxa1 30. Qxa1 Qxf6 31. Qa8+ Kg7 32. Qxb7 Qf4 33. Qd5 Qf6
34. f3 Qe6 35. Qd3 d5 36. Kh2 e4 37. Qd4+ Kg8 38. fxe4 dxe4 39. Qd8+ Kg7 40.
Qd4+ f6 41. Qe3 Qe5+ 42. Kg2 f5 43. Qa7+ Kh6 44. Qe3+ f4 45. Qa3 Qg5+ 46. Kf1
Qb5+ 47. Ke1 Qb1+ 48. Kd2 e3+ 49. Ke2 Qc2+ 50. Kf3 Qf2+ 51. Ke4 e2 52. Qf8+ Kh5
53. Qg7 e1=Q+ 54. Kd5 Qfd2+ 55. Kc4 Qec1+ 56. Kb5 Qd5+ 57. Kb6 Qdc6+ 58. Ka7
Qa3+ 59. Kb8 Qaa8# 0-1

[Event "AUTO-ADV-4663"]
[Site "http://www.queenalice.com/game.php?id=1831922"]
[Date "2024.2.19"]
[Round "2"]
[White "Pin"]
[Black "princesher"]
[Result "1-0"]
[WhiteElo "2050"]
[BlackElo "2001"]

1. e4 e5 2. Nf3 d6 3. d4 Bg4 4. Bc4 Bxf3 5. Qxf3 Qf6 6. Qb3 b6 7. Bg5 Qg6 8. O-O
h6 9. Bh4 exd4 10. Nd2 Be7 11. Bg3 c6 12. f4 Qh5 13. Rae1 b5 14. Be2 Qc5 15. e5
d5 16. Bf2 Qb4 17. Qh3 Na6 18. Nb3 c5 19. Rb1 Qa4 20. e6 fxe6 21. Qxe6 Rd8 22.
Bh5+ Kf8 23. Qf7# 1-0